00571 2200217 4500001002100000005001500021035002000036007000300056008004100059020001700100082001200117084001900129100001400148245005100162250000600213260003700219300001600256650002600272856004600298990000900344INLIS00000000000364720231117084607 a0010-1123000055ta231117 0  a978979190795 a781.621 a781.621 ADH s0 aAdhi Bowo1 a100 lagu daerah terbaik Nusantara /cAdhi Bowo a1 aYogyakarta :bTerra Media,c2012 a146 ;c23cm 4alagu daerah Nusantara aPengetahuan olahraga,Kesenian & Kesehatan a5714